000 00644nam a2200229Ia 4500
003 OSt
005 20220926044643.0
006 a|||||r|||| 00| 0
007 ta
008 220923b |||||||| |||| 00| 0 eng d
037 _cGeneral Book
040 _aRTL
_cRTL
_beng
041 _2eng
_aeng
082 _aX9:9.2,w,CLC, K3/EC
110 _aINDIA, LOKSABHA (3rd) ESTIMATES COMMITTEE(1962-63)
_9349293
245 0 _a26 Report
260 _c1963
300 _a140p.
_ccm.
700 _aINDIA, LOKSABHA (3rd) ESTIMATES COMMITTEE(1962-63)
_9349294
942 _hX9:9.2,w,CLC, K3/EC
_cGB
_2CC
999 _c675447
_d675447